000 00781nam a2200265 a 4500
005 20240925065632.0
008 121114s1991 sp spa
020 _a8420681393
040 _aMX-MxUPN
_bspa
_cMX-MxUPN
041 1 _aspa
_heng
050 4 _aHM51
_bG57 1991
100 1 _aGiddens, Anthony,
_d1938-
_928380
240 _aSociology.
_lEspañol
245 1 0 _aSociología
260 _aMadrid, España :
_bAlianza,
_c1991.
300 _a864 páginas :
_bilustraciones, tablas, gráficas
490 _aAlianza Universidad textos ;
_v139
500 _aTraducción de: Sociology
650 4 _aSociología
_95756
700 1 _aAlbero, Teresa
_etraducción
_948535
902 _bNoemiAcosta/230323
905 _aLibro
942 _2lcc
_cLIBRO
999 _c209424
_d209424